Východočeská numismatická falza /

Hlavní autor: Nechanický, Zdeněk, 1928-
Jazyk: Čeština
Vydáno: V Hradci Králové : Česká numismatická společnost, pobočka v Hradci Králové, 2011
Témata:
Fyzický popis: 80 s. : il., faksim. ; 22 cm
Knihy
Uloženo v:
LEADER 01530nam a2200445 a 4500
001 nkc20112267204
003 CZ PrNK
005 20120306135825.0
007 ta
008 120113s2011 xr ah e c 000 0 cze
015 |a cnb002267204 
020 |a 978-80-905042-0-2  |q (váz.)  |z 9788090504202 
035 |a (OCoLC)776515260 
040 |a ABA001  |b cze 
043 |a e-xr--- 
072 7 |a 73  |x Sochařství, keramika, porcelán, umělecké zpracování kovů  |2 Konspekt  |9 21 
080 |a 737.1  |2 MRF 
080 |a 001.98  |2 MRF 
080 |a (437.3)  |2 MRF 
080 |a (049)  |2 MRF 
080 |a (083.82)  |2 MRF 
100 1 |a Nechanický, Zdeněk,  |d 1928-  |7 pna2006334389  |4 aut 
245 1 0 |a Východočeská numismatická falza /  |c Zdeněk Nechanický 
260 |a V Hradci Králové :  |b Česká numismatická společnost, pobočka v Hradci Králové,  |c 2011 
300 |a 80 s. :  |b il., faksim. ;  |c 22 cm 
504 |a Obsahuje bibliografii 
521 8 |a Pouze pro členy České numismatické společnosti 
650 0 7 |a mince  |7 ph115319  |z Česko  |2 czenas 
650 0 7 |a falzifikáty  |7 ph120129  |2 czenas 
650 0 9 |a coins  |z Czechia  |2 eczenas 
650 0 9 |a falsification  |2 eczenas 
655 7 |a pojednání  |7 fd133056  |2 czenas 
655 7 |a katalogy  |7 fd132535  |2 czenas 
655 9 |a papers  |2 eczenas 
655 9 |a catalogs  |2 eczenas 
910 2 |a BOA001  |b 2-1278.396 
990 |a BK 
995 |a 01 
991 |b 201202  |c NOV  |e n 
996 6 |b 2610498394  |c 2-1278.396  |l MZK  |r Sklad / do 1 hodiny  |n 1  |p p.v.  |w 001223417  |u 000010  |a 1  |e BOA001  |j MZK50  |s P